A Colt is My Passport = Koruto wa ore no pasupooto /

La serie Eclipse es una división del prestigioso sello Criterion Collection, formada por paquetes –o cofres- de películas minusvaloradas, olvidadas e incluso perdidas en formato DVD. El criterio de selección ha sido, la mayor parte de las veces, una etapa, ciclo o vertiente de la filmografía de un d...

詳細記述

保存先:
書誌詳細
第一著者: Nomura, Takashi (realización)
その他の著者: Yamada, Nobuo (guión) (guión), Nagahara, Hideichi (guión) (guión), Mine, Shigeyoshi (fotógrafo) (fotógrafo), Suzuki, Akira (montaje) (montaje), Ibe, Harumi (música) (música), Shishido, Jô (actuación) (actuación), Kobayashi, Chitose (actuación) (actuación), Fujio, Jerry (actuación) (actuación), Stephens, Chuck (texto) (texto)
フォーマット: スライド
言語:日本語
出版事項: Tokio, Japón : Shochiku, 1967, c1967
シリーズ:(Eclipse Series ; 17/5)
主題:
タグ: タグ追加
タグなし, このレコードへの初めてのタグを付けませんか!

MARC

LEADER 00000ngm^a2200000^a^4500
001 000392358
005 20250521000000.0
009 20260310121239.749
020 |a 978-1-60465-200-0 
020 |a 978-1-60465-201-7 
037 |a Acervo ITESO - Biblioteca 
041 |a JAP 
082 |a 808. 8  |b CRI ECL V. 17 T. 5 
100 |a Nomura, Takashi  |e (realización) 
240 1 3 |a [A Colt is My Passport] 
240 1 1 |a [Nikkatsu Noir] 
245 1 2 |a A Colt is My Passport =  |b Koruto wa ore no pasupooto /  |c Realización de T. Nomura. 
246 2 |a Título en México: no conocido/no identificado 
246 2 |a Título alternativo en español: no conocido/no identificado 
264 4 |a Tokio, Japón :  |b Shochiku,  |c 1967, c1967 
264 2 |a Nueva York, EUA :  |b Criterion Collection [distribución],  |c 2009, c2009 
300 |a 1 DVD región 1 (85 min.) :  |b blanco y negro 
336 |a imagen móvil bidimensional  |b tdi  |2 rdacontenido 
337 |a video  |b v  |2 rdamedio 
338 |a videodisco  |b vd  |2 rdasoporte 
440 1 |a (Eclipse Series ;  |v 17/5) 
500 |a Basado en: Koruto wa ore no pasupooto, de Shinji Fujiwara 
520 |a La serie Eclipse es una división del prestigioso sello Criterion Collection, formada por paquetes –o cofres- de películas minusvaloradas, olvidadas e incluso perdidas en formato DVD. El criterio de selección ha sido, la mayor parte de las veces, una etapa, ciclo o vertiente de la filmografía de un director, sea uno consolidado plenamente en el canon de autores o casos de revaloración de cineastas desestimados en su momento. La serie ha sido ampliada paulatinamente con paquetes que reúnen cintas de una misma compañía productora y género cinematográfico o identificadas con una corriente fílmica. Los cofres contienen de dos a siete películas, cada una de ellas incluida –por lo general- en un DVD individual. 
520 |a El volumen número 17 de la serie está formado por cinco títulos representativos de las películas policíacas de acción que Nikkatsu, el estudio de cine más antiguo de Japón, comenzó a producir desde fines de la década de 1950, para atraer a las audiencias jóvenes, cada vez más interesadas en el cine norteamericano y francés. Los resultados en pantalla incorporan elementos del western, la comedia y el cine de jóvenes rebeldes, en propuestas de gran audacia y estilización formal. El tomo 5 del paquete contiene A Colt is My Passport (1967), la película número 11 de las 17 que dirigió Takashi Nomura antes de concentrarse en la realización televisiva: dos sicarios son contratados por un mafioso para eliminar al jefe de una pandilla rival, pero les capturan después de cumplir la misión, escapan y nuevamente son atrapados, hasta llegar a un climático enfrentamiento final. Un modelo de emulación del cine negro norteamericano, con el actor Jô Shishido en el papel de un hombre duro atrapado entre bandas adversarias. Shishido, quien cimentó con esta interpretación su carácter de actor icónico de películas de acción, la considera una de sus películas predilectas entre las 170 que ha filmado con los estudios Nikkatsu. 
520 |a Suplementos y características especiales: 1) Reseña –en inglés- de la película, escrita por el crítico Chuck Stephens e impresa en el reverso de la cubierta. 
546 |a En japonés, con subtítulos opcionales: inglés 
649 |a XX 
650 |a Asesinos a Sueldo en el Cine 
650 |a Mafia en el Cine 
650 |a Mafia -  |z Japón 
650 |a Películas Policíacas 
650 |a Cine en Blanco y Negro -  |z Japón 
650 |a Cine Japonés -  |y 1960-1969 
650 |a Cine Japonés -  |y Siglo XX 
650 |a Novela Japonesa -  |x Adaptaciones para Cine 
650 |a Literatura Japonesa -  |y Siglo XX -  |x Adaptaciones para Cine 
650 |a Literatura y Cine 
650 |a Asesinato 
650 |a Crimen Organizado -  |z Japón 
650 |a Melancolía y Nostalgia 
650 |a Honor 
650 |a Conducta de Vida 
650 |a Destino y Fatalismo 
740 0 |a This Gun for Hire /  |c Texto de C. Stephens. 
700 |a Yamada, Nobuo  |e (guión) 
700 |a Nagahara, Hideichi  |e (guión) 
700 |a Mine, Shigeyoshi  |e (fotógrafo) 
700 |a Suzuki, Akira  |e (montaje) 
700 |a Ibe, Harumi  |e (música) 
700 |a Shishido, Jô  |e (actuación) 
700 |a Kobayashi, Chitose  |e (actuación) 
700 |a Fujio, Jerry  |e (actuación) 
700 |a Stephens, Chuck  |e (texto) 
910 |a Fondo General 
920 |a Audiovisuales - DVDs 
940 |a Películas 
905 |a 308 
901 |a 0500287261  |b IT2  |c DVR  |i C152557  |u 20250521 
902 |a https://opac.biblio.iteso.mx/vufind/Record/000392358